Bhāratīya śikshā kī tatkālīna samasyāyeṃ. (Record no. 75607)
[ view plain ]
| 000 -LEADER | |
|---|---|
| fixed length control field | 00807cam a22002771 4500 |
| 001 - CONTROL NUMBER | |
| control field | sa 67006006 |
| 003 - CONTROL NUMBER IDENTIFIER | |
| control field | DLC |
| 005 - DATE AND TIME OF LATEST TRANSACTION | |
| control field | 20260227112402.0 |
| 008 - FIXED-LENGTH DATA ELEMENTS--GENERAL INFORMATION | |
| fixed length control field | 890602s1966 ii b 000 0 hino |
| 010 ## - LIBRARY OF CONGRESS CONTROL NUMBER | |
| LC control number | sa 67006006 |
| 035 ## - SYSTEM CONTROL NUMBER | |
| System control number | (OCoLC)19806185 |
| 040 ## - CATALOGING SOURCE | |
| Original cataloging agency | DLC |
| Transcribing agency | WaU |
| Modifying agency | DLC |
| 042 ## - AUTHENTICATION CODE | |
| Authentication code | premarc |
| 043 ## - GEOGRAPHIC AREA CODE | |
| Geographic area code | a-ii--- |
| 050 00 - LIBRARY OF CONGRESS CALL NUMBER | |
| Classification number | LA1151 |
| Item number | .P29 |
| 100 1# - MAIN ENTRY--PERSONAL NAME | |
| Personal name | Pathak, Suresh Prasad, |
| Dates associated with a name | 1928- |
| 245 10 - TITLE STATEMENT | |
| Title | Bhāratīya śikshā kī tatkālīna samasyāyeṃ. |
| Remainder of title | Contemporary problems of Indian education. |
| 260 ## - PUBLICATION, DISTRIBUTION, ETC. | |
| Date of publication, distribution, etc. | [1966] |
| 300 ## - PHYSICAL DESCRIPTION | |
| Extent | ii, 355, ii p. |
| Dimensions | 23 cm. |
| 500 ## - GENERAL NOTE | |
| General note | In Hindi. |
| 504 ## - BIBLIOGRAPHY, ETC. NOTE | |
| Bibliography, etc. note | Bibliography: p. i-ii (last group) |
| 650 #0 - SUBJECT ADDED ENTRY--TOPICAL TERM | |
| Topical term or geographic name entry element | Education |
| Geographic subdivision | India. |
| 650 #0 - SUBJECT ADDED ENTRY--TOPICAL TERM | |
| Topical term or geographic name entry element | Education. |
| 700 1# - ADDED ENTRY--PERSONAL NAME | |
| Personal name | Sharma, Mukund Devi, |
| Dates associated with a name | 1926- |
| 740 0# - ADDED ENTRY--UNCONTROLLED RELATED/ANALYTICAL TITLE | |
| Uncontrolled related/analytical title | Contemporary problems of Indian education. |
No items available.